书目信息 |
| 题名: |
政府传播论
|
|
| 作者: | 高波 著 | |
| 分册: | ||
| 出版信息: | 北京 中国传媒大学出版社 2008.10 |
|
| 页数: | 303页 | |
| 开本: | 24cm | |
| 丛书名: | 传媒学术前沿 | |
| 单 册: | ||
| 中图分类: | D035.1 , G206 | |
| 科图分类: | ||
| 主题词: | 国家行政机关--行政管理--传播学--研究 , 国家行政机关 , 行政管理 , 传播学 | |
| 电子资源: | ||
| ISBN: | 978-7-81127-202-4 | |
| 000 | 01097oam2 2200325 450 | |
| 001 | 010010019246 | |
| 005 | 20091208150304.78 | |
| 010 | @a978-7-81127-202-4@dCNY49.00 | |
| 100 | @a20081015d2008 em y0chiy0110 ea | |
| 101 | 0 | @achi |
| 102 | @aCN@b110000 | |
| 105 | @aa z 000yy | |
| 106 | @ar | |
| 200 | 1 | @a政府传播论@9zheng fu chuan bo lun@e社会核心信息体系与改革开放新路径@f高波著 |
| 210 | @a北京@c中国传媒大学出版社@d2008.10 | |
| 215 | @a303页@c图@d24cm | |
| 225 | 2 | @a传媒学术前沿 |
| 308 | @a丛书第二辑 | |
| 330 | @a本书内容包括:政府传播:构建社会核心信息体系、政府传播的历史图景和理论基础、政府传播是政治文明的发展前提、政府:媒介化社会的超级传播者等。 | |
| 461 | 0 | @12001 @a传媒学术前沿 |
| 517 | 1 | @a社会核心信息体系与改革开放新路径@9she hui he xin xin xi ti xi yu gai ge kai fang xin lu jing |
| 606 | 0 | @a国家行政机关@x行政管理@x传播学@x研究 |
| 606 | 0 | @a国家行政机关 |
| 606 | 0 | @a行政管理 |
| 606 | 0 | @a传播学 |
| 690 | @aD035.1@v4 | |
| 690 | @aG206@v4 | |
| 701 | 0 | @a高波@9gao bo@4著 |
| 801 | 0 | @aCN@bRENTIAN@c20091208 |
| 905 | @b20796174-78@dD035.1@e92@f5 | |
| 政府传播论:社会核心信息体系与改革开放新路径/高波著.-北京:中国传媒大学出版社,2008.10 |
| 303页:图;24cm.-(传媒学术前沿) |
| ISBN 978-7-81127-202-4:CNY49.00 |
| 本书内容包括:政府传播:构建社会核心信息体系、政府传播的历史图景和理论基础、政府传播是政治文明的发展前提、政府:媒介化社会的超级传播者等。 |
| ● |
| 相关链接 |
|
|
|
|
正题名:政府传播论
索取号:D035.1/92
 
预约/预借
| 序号 | 登录号 | 条形码 | 馆藏地/架位号 | 状态 | 备注 |
| 1 | 796174 | 207961749 | 第一样本阅览室/ [索取号:D035.1/92] | 在馆 | |
| 2 | 796175 | 207961758 | 第一借阅区/ [索取号:D035.1/92] | 在馆 | |
| 3 | 796176 | 207961767 | 第一借阅区/ [索取号:D035.1/92] | 在馆 | |
| 4 | 796177 | 207961776 | 第一借阅区/ [索取号:D035.1/92] | 在馆 | |
| 5 | 796178 | 207961785 | 密集书库-文学院/ [索取号:D035.1/92] | 在馆 |